Âm vị học và tuyến tính Suy nghĩ về các định đề của âm vị học đại cương
Spremljeno u:
| Glavni autor: | |
|---|---|
| Format: | Knjiga |
| Izdano: |
Hà Nội
ĐH Quốc Gia Hà Nội
2004
|
| Izdanje: | In lần thứ 2 |
| Teme: | |
| Oznake: |
Dodaj oznaku
Bez oznaka, Budi prvi tko označuje ovaj zapis!
|
| Thư viện lưu trữ: | Trung tâm Học liệu Lê Vũ Hùng, Trường Đại học Đồng Tháp |
|---|
| LEADER | 01130pam a22002418a 4500 | ||
|---|---|---|---|
| 001 | 00016660 | ||
| 005 | 20171026081022.0 | ||
| 008 | 110411s2004 ||||||Viesd | ||
| 020 | |c 38800 | ||
| 041 | 0 | # | |a Vie |
| 082 | 1 | 4 | |a 414 |b Â120V |
| 100 | 1 | # | |a Cao, Xuân Hạo |
| 245 | 1 | 0 | |a Âm vị học và tuyến tính |b Suy nghĩ về các định đề của âm vị học đại cương |c Cao Xuân Hạo |
| 250 | # | # | |a In lần thứ 2 |
| 260 | # | # | |a Hà Nội |b ĐH Quốc Gia Hà Nội |c 2004 |
| 300 | # | # | |a 382 tr. |c 24 cm. |
| 653 | # | # | |a Ngôn ngữ học |
| 653 | # | # | |a âm vị học |
| 852 | # | # | |b Kho mượn |j KM.0009964, KM.0009963, KM.0011906, KM.0012951, KM.0012952, KM.0012953, KM.0012954, KM.0012955, KM.0012956, KM.0012957, KM.0012958, KM.0012959, KM.0012960 |
| 852 | # | # | |b Kho đọc |j KD.0002210 |
| 852 | # | # | |j KM.0009963 |j KM.0012952 |j KM.0012954 |j KM.0012955 |j KM.0012957 |j KM.0012958 |j KM.0012960 |j KM.0011906 |j KD.0002210 |j KM.0012951 |j KM.0012953 |j KM.0012956 |j KM.0012959 |j KM.0009964 |
| 910 | |d 11/04/2011 | ||
| 980 | # | # | |a Trung tâm Học liệu Lê Vũ Hùng, Trường Đại học Đồng Tháp |